Gravm̀enes sucesorios. Aplicacin̤ en el m̀bito estatal, autonm̤ico y foral /

Detalles Bibliográficos
Autor principal: Aparicio Přez, Antonio
Formato: eBook
Lenguaje:español
Publicado: Madrid: Dykinson, 2014
Materias:
Acceso en línea:Acceso restringido

MARC

LEADER 00000nam a22000007a 4500
005 20140724213510.0
007 cr|||| ||||
008 140724s2014 es |||||s|||| 00||0 spa d
020 |a 978-84-9085-032-9 
035 |a 12329 
040 |a vLex 
090 |c 5106  |d 5106 
100 1 |a Aparicio Přez, Antonio 
245 1 0 |a Gravm̀enes sucesorios.  |h [Recurso electrn̤ico] :  |b Aplicacin̤ en el m̀bito estatal, autonm̤ico y foral /  |c Antonio Aparicio Přez 
256 |a Servicio en ln̕ea 
260 |a Madrid:  |b Dykinson,  |c 2014 
300 |a 1 recurso electrn̤ico 
500 |a La gňesis, evolucin̤ y estado actual de los Impuestos sucesorios es el objeto de anl̀isis. La obra se divide en siete apartados. En el primera parte se hace una introduccin̤ sobre el porqu ̌del estudio realizado y se justifica tanto el estudio a realizar como la forma en que se va a llevar a cabo. En la segunda parte, se hace un recorrido exhaustivo de los impuestos sucesorios desde su establecimiento en Espaą en el aǫ 6 de nuestra era, en tiempos del emperador Octavio Augusto, hasta el momento actual. La tercera parte, estudia los fundamentos ter̤ico-econm̤icos de estos gravm̀enes. Del mundo de los arbitristas hasta el momento actual. La cuarta parte se dedica a estudiar la constitucionalidad o no de los gravm̀enes sucesorios, haciňdose un examen de todos aquľlos principios que se consideran que deben impregnar e informar a todos los tributos. La quinta parte estudia estas exacciones sucesorias a la vista de la normativa europea, poniňdose de manifiesto su dudosa legalidad en aquellos aspectos en los que se introducen elementos de discriminacin̤ en funcin̤ de la residencia en uno u otro Estado miembro. En la sexta parte, de carc̀ter, esencialmente descriptivo, se expone la regulacin̤ del Impuesto de Sucesiones y Donaciones vigente, poniendo de manifiesto sus singularidades en todas y cada una de las Comunidades Autn̤omas tanto en las de Rǧimen Comn︢ como en los Territorios forales. En la parte sp̌tima se da final estudio con una serie de conclusiones que llevan a cuestionar la propia validez de estos gravm̀enes. Se cierre el trabajo con una selecta bibliografa̕. Estudio, plenamente actual, por su alcance y oportunidad, pues hoy de nuevo, cual Ave Fňix renaciente de sus cenizas, se han reavivado las polm̌icas en torno a la necesidad y conveniencia de la imposicin̤ de las sucesiones, e incluso de su justicia. 
506 1 |a Disponible solo en los productos indicados  |d vLex Global  |d vLex Global (Academic Edition, excluding Law Schools)  |d vLex Global (U.S. Academic Edition, Law Schools)  |d vLex Global (U.S. Academic Edition, excluding Law Schools)  |d vLex Global (Academic Edition, Law Schools) 
650 0 4 |a Derecho Civil  |z Espaą 
650 0 4 |a Sucesiones  |z Espaą 
650 0 4 |a Financiero  |z Espaą 
740 0 |a vLex Libros (Servicio en ln̕ea) 
856 4 0 |u http://vlex.com/source/gravamenes-sucesorios-aplicacion-en-el-ambito-estatal-autonomico-y-foral-12329  |z Acceso restringido 
942 |c BOOK 
999 0 |a Civil Law 
999 0 |a Inheritance 
999 0 |a Financial